Market value and depreciated replacement cost (Record no. 79184)
[ view plain ]
| 000 -LEADER | |
|---|---|
| fixed length control field | 00960cab a22001935a 4500 |
| 001 - CONTROL NUMBER | |
| control field | L140085 |
| 008 - FIXED-LENGTH DATA ELEMENTS--GENERAL INFORMATION | |
| fixed length control field | 070904s2007 xxkd f 000 0 eng d |
| 035 ## - SYSTEM CONTROL NUMBER | |
| System control number | (Sirsi) u140085 |
| 041 0# - LANGUAGE CODE | |
| Language code of text/sound track or separate title | eng |
| 100 1# - MAIN ENTRY--PERSONAL NAME | |
| Personal name | French, Nick |
| 245 00 - TITLE STATEMENT | |
| Title | Market value and depreciated replacement cost |
| Remainder of title | contradictory or complementary? |
| 260 ## - PUBLICATION, DISTRIBUTION, ETC. | |
| Date of publication, distribution, etc. | 2007 |
| 490 #0 - SERIES STATEMENT | |
| Series statement | Journal of Property Investment and Finance |
| Volume/sequential designation | 25(5) 2007, 515-524(10) |
| 520 ## - SUMMARY, ETC. | |
| Summary, etc. | Seeks to inform the debate about valuers reporting the result of a Depreciated Replacement Cost (DRC) valuation as a market value subject to the test of adequate profitability or service potential. Discusses the impact of this change to valuation practice in the UK. Using an Italian case study, shows how the DRC approach can be adopted as an appropriate method (not basis) for calculating market value. |
| 590 ## - LOCAL NOTE (RLIN) | |
| Local note | ka |
| 651 #4 - SUBJECT ADDED ENTRY--GEOGRAPHIC NAME | |
| Geographic name | United Kingdom |
| Chronological subdivision | |
| 690 ## - LOCAL SUBJECT ADDED ENTRY--TOPICAL TERM (OCLC, RLIN) | |
| Topical term or geographic name as entry element | PROPERTY-PROPERTY APPRAISAL AND VALUATION |
| 942 ## - ADDED ENTRY ELEMENTS (KOHA) | |
| Suppress in OPAC | 0 |
| Withdrawn status | Lost status | Source of classification or shelving scheme | Damaged status | Not for loan | Home library | Current library | Shelving location | Date acquired | Total Checkouts | Full call number | Barcode | Date last seen | Copy number | Price effective from | Koha item type |
|---|---|---|---|---|---|---|---|---|---|---|---|---|---|---|---|
| Dewey Decimal Classification | London | London | Journal article | 04/09/2007 | L140085 | 140085-1001 | 06/08/2019 | 1 | 06/08/2019 | Journal article |